[Event "Elenite"]
[Site "Elenite"]
[Date "1993.??.??"]
[Round "9"]
[White "Sokolov, Ivan"]
[Black "Adams, Michael"]
[Result "1/2-1/2"]
[WhiteElo "2610"]
[BlackElo "2630"]

1.d4 d6 2.Bg5 Nd7 3.e4 Ngf6 4.Nc3 e5 5.Nge2 c6 6.f3 Qb6 7.Rb1 Be7 8.Be3 O-O
9.Ng3 g6 10.Qd2 Qc7 11.Be2 b5 12.O-O b4 13.Nd1 exd4 14.Bxd4 d5 15.exd5 Nxd5
16.Ne3 Nxe3 17.Qxe3 Re8 18.b3 c5 19.Bb2 c4 20.Bd4 Ba6 21.Qf2 Rad8 22.Rbd1 Nb6
23.Kh1 Nd5 24.Ne4 Qc6 25.bxc4 Bxc4 26.Bxc4 Qxc4 27.Bxa7 Qxa2 28.Bc5 Qa6 29.Rfe1 Qb7
30.h4 f5 31.Bxe7 Qxe7 32.Ng5 Qb7 33.Qd4 Rxe1+ 34.Rxe1 h6 35.Ne6 Re8 36.Re5 Qc6
37.Rxd5 Qxe6 38.Rd6 Qe1+ 39.Kh2 Kh7 40.h5 gxh5 41.Qf4 Qe5 42.Rxh6+ Kg7 43.Qxe5+ Rxe5
44.Rxh5 Rc5 45.Rh4 Rxc2 46.Rxb4 Kg6 47.Kh3 Rc1 48.Rb6+ Kf7 49.Kh4 Rg1 50.Kg3 Rc1
51.Kf4 Rc2 52.g3 Rc3 53.Rh6 Rb3 54.Rh5 Ke6 55.Rh8 Kf7 56.Rh6  1/2-1/2

[Event "Groningen PCA"]
[Site "Groningen"]
[Date "1993.??.??"]
[Round "6"]
[White "Adams, Michael"]
[Black "Romanishin, Oleg M"]
[Result "1-0"]
[WhiteElo "2630"]
[BlackElo "2615"]

1.e4 e5 2.Nf3 Nc6 3.Bb5 a6 4.Ba4 Nf6 5.O-O Be7 6.Re1 b5 7.Bb3 d6 8.c3 O-O
9.h3 Na5 10.Bc2 c5 11.d4 Bb7 12.Nbd2 cxd4 13.cxd4 exd4 14.Nxd4 Re8 15.Nf1 Bf8
16.Ng3 Rc8 17.b3 d5 18.e5 Ne4 19.Bb2 Rxe5 20.Ndf5 Re6 21.Bxe4 dxe4 22.Qg4 Rg6
23.Qf4 Qg5 24.Qxg5 Rxg5 25.Rad1 Re8 26.Nd6 Bxd6 27.Rxd6 Rd5 28.Rxd5 Bxd5
29.Nh5 f6 30.Bxf6 g6 31.Nf4 Bf7 32.Rc1 Nb7 33.Rc6 Ra8 34.Kf1 b4 35.Rb6 Nc5
36.Rxb4 a5 37.Rb5 Nd3 38.Nd5 Bxd5 39.Rxd5 a4 40.Rd8+ Rxd8 41.Bxd8 axb3 42.axb3 Kf7
43.Bg5 Ke6 44.Ke2 Kd5 45.Be3 Ne5 46.Kd2 Nd3 47.Kc3 g5 48.g3 h5 49.f3 h4 50.g4 Ne5
51.fxe4+ Kxe4 52.Bxg5  1-0

[Event "Cap d'Agde"]
[Site "Cap d'Agde"]
[Date "1994.??.??"]
[Round "1"]
[White "Adams, Michael"]
[Black "Xu Jun"]
[Result "1/2-1/2"]
[WhiteElo "2640"]
[BlackElo "2560"]

1.e4 e5 2.Nc3 Nf6 3.f4 d5 4.fxe5 Nxe4 5.Nf3 Be7 6.Qe2 Ng5 7.d4 c6 8.Be3 O-O
9.O-O-O Na6 10.h4 Nxf3 11.gxf3 f6 12.f4 fxe5 13.fxe5 Nc7 14.h5 Bg5 15.Rg1 Bxe3+
16.Qxe3 Bf5 17.Ne2 Ne6 18.Nf4 Qh4 19.Nxe6 Bxe6 20.Bd3 Qf4 21.Qxf4 Rxf4 22.h6 Bg4
23.Rdf1 Raf8 24.e6 Rxf1+ 25.Bxf1 Bxe6 26.Rxg7+ Kh8 27.Bd3 Rf7 28.Rxf7 Bxf7
29.Bf5 Kg8 30.Kd2 Bg6 31.Bc8 b6 32.b4 Kf7 33.Bd7 Kf6 34.Bxc6 Bf7 35.Ke3 Kf5
36.a3 Bg8 37.c3 Bf7 38.c4 dxc4 39.Be4+ Kf6 40.d5 Bg6 41.Bg2 Ke5 42.Bf3 a5  1/2-1/2

[Event "Garmisch"]
[Site "Garmisch"]
[Date "1994.??.??"]
[Round "3"]
[White "Bischoff, Klaus"]
[Black "Adams, Michael"]
[Result "1/2-1/2"]
[WhiteElo "2525"]
[BlackElo "2640"]

1.c4 Nf6 2.Nf3 d6 3.Nc3 Bg4 4.e3 e5 5.Be2 Be7 6.O-O O-O 7.b3 Nbd7 8.Bb2 c6
9.Ne1 Bf5 10.f4 exf4 11.Rxf4 Bg6 12.Nd3 Ne5 13.Qf1 Nfd7 14.Rf2 Nxd3 15.Bxd3 Bh4
16.g3 Bf6 17.Qe2 Qe7 18.Raf1 Rae8 19.Bf5 Bxf5 20.Rxf5 Be5 21.Qd3 g6 22.R5f2 f5
23.Ba3 Nc5 24.Bxc5 dxc5 25.Ne2 Rd8 26.Qc2 Rf6 27.Nf4 Rfd6 28.Rg2 Qd7 29.Rff2 a5
30.a4 b6 31.h4 Bxf4 32.gxf4 h5 33.Kf1 Kf7 34.Ke1 Rd3 35.Rg5 Qe7 36.Rfg2 Qd6  1/2-1/2

[Event "Garmisch"]
[Site "Garmisch"]
[Date "1994.??.??"]
[Round "6"]
[White "Adams, Michael"]
[Black "Huebner, Robert"]
[Result "1-0"]
[WhiteElo "2640"]
[BlackElo "2605"]

1.e4 e5 2.Nf3 Nc6 3.Bb5 a6 4.Ba4 Nf6 5.O-O Be7 6.Re1 b5 7.Bb3 O-O 8.d3 d6
9.c3 Na5 10.Bc2 c5 11.Nbd2 Nc6 12.Nf1 Re8 13.a3 Bf8 14.Bg5 h6 15.Bh4 g5 16.Bg3 Nh5
17.Nxe5 dxe5 18.Qxh5 Be6 19.Ne3 f6 20.Ng4  1-0

[Event "Garmisch"]
[Site "Garmisch"]
[Date "1994.??.??"]
[Round "13"]
[White "Short, Nigel D"]
[Black "Adams, Michael"]
[Result "1/2-1/2"]
[WhiteElo "2665"]
[BlackElo "2640"]

1.e4 c6 2.d4 d5 3.e5 Bf5 4.Nf3 e6 5.Be2 c5 6.Be3 Nd7 7.O-O Ne7 8.c3 Nc6 9.a3 Be7
10.b4 cxd4 11.cxd4 O-O 12.Nbd2 Nb6 13.Rc1 Rc8 14.Nb3 Nc4 15.Bxc4 dxc4 16.Rxc4 Qd5
17.Rc1 b6 18.Nbd2 Bd3 19.Re1 a5 20.Rc3 Bg6 21.bxa5 Nxa5 22.Qa1 h6 23.Rec1 Rxc3
24.Rxc3 Ra8 25.Qc1 Kh7 26.h3 b5 27.Qb2 Nc6 28.Nf1 Be4 29.N1d2 Bg6 30.Nf1 Be4  1/2-1/2

[Event "Moscow ol (Men)"]
[Site "Moscow"]
[Date "1994.??.??"]
[Round "5"]
[White "Adams, Michael"]
[Black "Vanderwaeren, Serge"]
[Result "1-0"]
[WhiteElo "2640"]
[BlackElo "2300"]

1.d4 e6 2.e4 b6 3.Nf3 Bb7 4.Bd3 c5 5.c3 cxd4 6.cxd4 Bb4+ 7.Nc3 Nf6 8.Qe2 d5
9.e5 Ne4 10.O-O Bxc3 11.bxc3 Nxc3 12.Qe3 Nc6 13.Bb2 Ne4 14.Ba3 Qd7 15.Rfc1 Ne7
16.Bxe7 Qxe7 17.Bb5+ Kf8 18.Rc2 Rc8 19.Rxc8+ Bxc8 20.Rc1 Bb7 21.Ne1 f6 22.f3 Ng5
23.Nd3 Nf7 24.exf6 gxf6 25.Nf4 e5 26.Rc7 Qd6 27.Rxb7 exf4  1-0

[Event "Moscow ol (Men)"]
[Site "Moscow"]
[Date "1994.??.??"]
[Round "12"]
[White "Adams, Michael"]
[Black "Piket, Jeroen"]
[Result "1-0"]
[WhiteElo "2640"]
[BlackElo "2640"]

1.e4 e5 2.Nf3 Nc6 3.Bb5 a6 4.Ba4 Nf6 5.O-O Be7 6.Re1 b5 7.Bb3 d6 8.c3 O-O
9.d3 Na5 10.Bc2 c5 11.Nbd2 Re8 12.Nf1 h6 13.Ng3 Bf8 14.d4 Bd7 15.d5 Nc4 16.a4 bxa4
17.Bxa4 Nb6 18.Bxd7 Qxd7 19.Nd2 g6 20.Ra5 Qc7 21.Ra2 Reb8 22.Ngf1 Nfd7 23.Ne3 a5
24.c4 h5 25.Nb1 Rb7 26.Nc3 Qb8 27.Bd2 Bh6 28.Qe2 Nc8 29.Rea1 Bxe3 30.Bxe3 Rb4
31.Nd1 Ncb6 32.Bd2 a4 33.Ne3 Rb3 34.Qd1 Qb7 35.Bc3 Rb8 36.Qc2 Qc8 37.h3 Nf6
38.Nf1 Nxc4 39.Rxa4 Nxb2 40.Ra6 Nc4 41.Be1 Nb2 42.Rxd6 Ne8 43.Rc6 Qb7 44.Nd2 Rb5
45.Rxc5 Rxc5 46.Qxc5 Nd3 47.Qc3 Qb2 48.Qxb2 Rxb2 49.Nc4 Rc2 50.Ne3 Rc8 51.Bd2 Nd6
52.f3 f5 53.exf5 gxf5 54.Ra3 Nb2 55.Ra6 Nbc4 56.Nxc4 Nxc4 57.Bg5 Rb8 58.Rc6 Rb1+
59.Kh2 Nb6 60.d6 Kf7 61.Rxb6  1-0

[Event "Oslo m"]
[Site "Oslo"]
[Date "1994.??.??"]
[Round "1"]
[White "Agdestein, Simen"]
[Black "Adams, Michael"]
[Result "1-0"]
[WhiteElo "2595"]
[BlackElo "2660"]

1.Nf3 Nf6 2.c4 d6 3.g3 g6 4.Bg2 Bg7 5.O-O O-O 6.d4 c6 7.Nc3 Bf5 8.Nh4 Be6
9.d5 cxd5 10.cxd5 Bd7 11.h3 Na6 12.e4 Qb6 13.Rb1 Rfc8 14.Be3 Qb4 15.Re1 Nc5
16.Bd2 Be8 17.Bf1 Nfd7 18.Re3 Qb6 19.b4 Na6 20.Na4 Qd8 21.Qb3 Ne5 22.Nb2 Rc7
23.Rc3 Rxc3 24.Bxc3 Rc8 25.Bd4 Nc4 26.Bxg7 Nd2 27.Qd3 Nxb1 28.Bd4 Rc1 29.Qe3 Qc8
30.Nd3 Rd1 31.Nf5  1-0

[Event "Oslo m"]
[Site "Oslo"]
[Date "1994.??.??"]
[Round "4"]
[White "Adams, Michael"]
[Black "Agdestein, Simen"]
[Result "0-1"]
[WhiteElo "2660"]
[BlackElo "2595"]

1.e4 Nf6 2.e5 Nd5 3.d4 d6 4.Nf3 dxe5 5.Nxe5 g6 6.Bc4 c6 7.O-O Bg7 8.Nd2 Nd7
9.Ndf3 Nxe5 10.Nxe5 O-O 11.Re1 Be6 12.Bb3 a5 13.c3 Qc7 14.Nd3 Bf5 15.Bg5 Rfe8
16.Qd2 a4 17.Bxd5 cxd5 18.Nb4 Rad8 19.Bf4 Qc4 20.Re3 f6 21.Rae1 Kf7 22.b3 axb3
23.axb3 Qxb3 24.c4 Qxc4 25.Rc1 Qb5 26.Rc5 Qa4 27.h3 Bf8 28.Nxd5 b6 29.Nxb6 Qxd4
30.Qa2+ e6 31.Rc7+ Kg8 32.Rc4 Qxb6 33.Rb3 Rd1+ 34.Kh2 Qd8 35.Rb8 Qe7  0-1

[Event "PCA/Intel-GP"]
[Site "Paris"]
[Date "1994.??.??"]
[Round "1.7"]
[White "Hjartarson, Johann"]
[Black "Adams, Michael"]
[Result "1-0"]
[WhiteElo "2585"]
[BlackElo "2640"]

1.Nf3 Nf6 2.c4 d6 3.d4 Bg4 4.Qb3 Qc8 5.g3 e6 6.Bg2 c6 7.O-O Be7 8.Nc3 Nbd7
9.e4 e5 10.Be3 O-O 11.h3 Bxf3 12.Bxf3 Bd8 13.Bg2 Bb6 14.Rad1 Qc7 15.Qa3 exd4
16.Bxd4 Bxd4 17.Rxd4 Nb6 18.b3 Rfd8 19.Rfd1 Ne8 20.f4 h6 21.Kh2 Nd7 22.Qb2 Nc5
23.R4d2 a5 24.Ne2 Nf6 25.Qd4 Ne6 26.Qe3 Rd7 27.g4 Re8 28.Kh1 Nf8 29.Ng3 Ng6
30.Nf5 Red8 31.Bf3 Ne8 32.h4 Ne7 33.Ng3 Nc8 34.g5 hxg5 35.hxg5 d5 36.cxd5 cxd5
37.e5 Qb6 38.Qd3 Ne7 39.f5 Qb4 40.Qd4 Qxd4 41.Rxd4 Nc7 42.Kg2 Nc6 43.Rh4 Nxe5
44.Rdh1 f6 45.gxf6 Nxf3 46.Kxf3 Kf7 47.fxg7 Rg8 48.Nh5 Ne8 49.Rg4 Rd6 50.Rhg1 d4
51.Rg6 Rd5 52.Ke4 Rd7 53.Rd1 Nd6+ 54.Kf4 Nxf5 55.Rf6+ Ke7 56.Rxf5 d3 57.Re1+ Kd6
58.Rf8 Rd8 59.Rxg8 Rxg8 60.Kf5 Kc5 61.Kg6 Kd4 62.Nf6 Rxg7+ 63.Kxg7 d2 64.Rd1 Ke3
65.Ne4 Kxe4 66.Rxd2  1-0

[Event "EUCup Gr2"]
[Site "Strasbourg"]
[Date "1994.??.??"]
[Round "?"]
[White "Roos, Daniel"]
[Black "Adams, Michael"]
[Result "1-0"]
[WhiteElo "2455"]
[BlackElo "2125"]

1.d4 d5 2.Nf3 c6 3.Bf4 Nf6 4.e3 Bf5 5.Nbd2 Nbd7 6.Be2 e6 7.O-O Be7 8.h3 Ne4
9.Nxe4 dxe4 10.Nd2 O-O 11.c3 Bf6 12.Nc4 Be7 13.Qc2 h6 14.a4 Nf6 15.Be5 Kh8
16.a5 Nh7 17.Nd2 Ng5 18.Bf4 Nxh3+ 19.gxh3 Bxh3 20.Qxe4 Bxf1 21.Bxf1 Qd5 22.Qd3 Qh5
23.Bg2 a6 24.Nc4 Rad8 25.Ne5 Qf5 26.Be4 Qh3 27.Qe2 Bd6 28.Bg2 Qh4 29.Bg3 Qf6
30.Qh5 Bxe5 31.Bxe5 Qg6 32.Qxg6 fxg6 33.Be4 g5 34.Kg2 Rd7 35.b4 Kg8 36.Bg6 Rdd8
37.c4 Rd7 38.Rb1 Ra8 39.b5 cxb5 40.cxb5 axb5 41.Rxb5 Kf8 42.e4 Rad8 43.Rb6 Ke7
44.Bh5 Ra8 45.Bg4 Ra6 46.d5  1-0

[Event "Belgrade Invest"]
[Site "Belgrade"]
[Date "1995.??.??"]
[Round "1"]
[White "Leko, Peter"]
[Black "Adams, Michael"]
[Result "1/2-1/2"]
[WhiteElo "2605"]
[BlackElo "2660"]

1.e4 e5 2.Nf3 Nc6 3.Bb5 a6 4.Ba4 Nf6 5.O-O Be7 6.Re1 b5 7.Bb3 O-O 8.c3 d5
9.exd5 Nxd5 10.Nxe5 Nxe5 11.Rxe5 c6 12.d3 Bd6 13.Re1 Qh4 14.g3 Qh3 15.Re4 Bb7
16.Nd2 Rae8 17.Qf1 Qd7 18.Rxe8 Rxe8 19.Ne4 c5 20.Bd2 Bf8 21.Re1 Nb6 22.Ng5 Rxe1
23.Bxe1 c4 24.dxc4 Nxc4 25.Bxc4 bxc4 26.f3 Qa4 27.Qe2 h6 28.Ne4 Qxa2 29.Bf2 Bd5
30.Kg2 Ba3 31.Qd1 Bxe4 32.bxa3 Bd3 33.Qc1 h5 34.h4 a5 35.Kg1 Qe2 36.Kg2 Qa2
37.Kg1 f6 38.Kg2 Kf7 39.Kg1 Qe2 40.Kg2 a4 41.Qe3 Qd1 42.Qe1 Qc2 43.Qe3 Qd1
44.Qe1 Qb3 45.Qc1 Qa2 46.Kg1 Bf5 47.Qf4 Qb1+ 48.Kh2 Bd3 49.Qd2 Qa1 50.Bc5 Qf1
51.Qe3 Qe2+  1/2-1/2

[Event "Belgrade Invest"]
[Site "Belgrade"]
[Date "1995.??.??"]
[Round "10"]
[White "Topalov, Veselin"]
[Black "Adams, Michael"]
[Result "1/2-1/2"]
[WhiteElo "2670"]
[BlackElo "2660"]

1.e4 c6 2.d4 d5 3.Nc3 dxe4 4.Nxe4 Nd7 5.Bc4 Ngf6 6.Ng5 e6 7.Qe2 Nb6 8.Bd3 h6
9.N5f3 c5 10.dxc5 Bxc5 11.Ne5 Nbd7 12.Ngf3 Qc7 13.Bf4 Bb4+ 14.Nd2 Bxd2+ 15.Kxd2 O-O
16.Rhd1 Nd5 17.Bg3 Nxe5 18.Bxe5 Qa5+ 19.Kc1 f6 20.Bg3 Bd7 21.c4 Nb4 22.Bb1 Ba4
23.Rd2 Rad8 24.Bd6 Rfe8 25.h4 Nd5 26.c5 f5 27.a3 Bb5 28.Qe5 Bc4 29.g4 Bb3
30.a4 Qa6 31.Bd3 Bc4 32.Bc2 Nb4  1/2-1/2

[Event "Bundesliga 9495"]
[Site "Germany"]
[Date "1995.??.??"]
[Round "?"]
[White "Adams, Michael"]
[Black "Rozentalis, Eduardas"]
[Result "1/2-1/2"]
[WhiteElo "2655"]
[BlackElo "2600"]

1.e4 e6 2.d4 d5 3.Nd2 c5 4.Ngf3 Nf6 5.exd5 exd5 6.Bb5+ Bd7 7.Bxd7+ Nbxd7
8.O-O Be7 9.dxc5 Nxc5 10.Re1 O-O 11.Nf1 Nce4 12.Be3 a6 13.Bd4 Re8 14.c3 Qc7
15.Ne3 Rad8 16.Qb3 Bc5 17.Rad1 b5 18.Bxc5 Qxc5 19.Rd4 Re6 20.Red1 h6 21.a3 Qb6
22.g3 Nc5 23.Qc2 Qc6 24.c4 Na4 25.Nxd5 Rde8 26.Nxf6+ Rxf6 27.Rd8 Re6 28.Nd4 Qe4
29.Qxe4 Rxe4 30.Rxe8+ Rxe8 31.b3 Nc3 32.Rc1 Re4 33.Rxc3 Rxd4 34.Kf1 Kf8 35.Ke2 bxc4
36.Rxc4 Rd6 37.b4 Ke7 38.Ke3 h5 39.a4 g6 40.b5 axb5 41.axb5 Rb6 42.Rb4 Kd7
43.h4 Kc7 44.Kd3 Rf6 45.Rf4 Rd6+ 46.Ke3 f6 47.Rd4 Re6+ 48.Re4 Rb6 49.Rb4 Re6+
50.Kd3 Re5 51.Rc4+ Kb7 52.Rf4 g5 53.Rxf6 gxh4 54.gxh4 Rxb5 55.Rf4 Kc6 56.Rd4 Kc5
57.Ke3 Rb1 58.Rd8 Rh1 59.f4 Rxh4 60.f5 Rh1 61.Kf2 Ra1 62.Rd7 Kc6 63.Rd4 Ra5
64.Rf4 Kd7 65.f6 Ke8 66.f7+ Kf8 67.Kg3  1/2-1/2

[Event "Groningen"]
[Site "Groningen"]
[Date "1995.??.??"]
[Round "2"]
[White "Karpov, Anatoly"]
[Black "Adams, Michael"]
[Result "1/2-1/2"]
[WhiteElo "2775"]
[BlackElo "2660"]

1.Nf3 Nf6 2.c4 e6 3.Nc3 Bb4 4.Qc2 c5 5.g3 O-O 6.Bg2 Nc6 7.a3 Ba5 8.O-O d6
9.d3 h6 10.e3 e5 11.h3 Be6 12.Kh2 Rc8 13.b3 d5 14.Na4 b6 15.Rd1 d4 16.Rb1 a6
17.exd4 exd4 18.Bf4 Re8 19.Rb2 Nd7 20.Bd6 Nf6 21.b4 Qxd6 22.bxa5 bxa5 23.Rb6 Rb8
24.Rxa6 Bc8 25.Rb6 Rxb6 26.Nxb6 Bf5 27.Na4 Nd7 28.Qd2 Nde5 29.Ne1 Nd7 30.Rb1 Nce5
31.Rb5 Qe7 32.Qxa5 Nxd3 33.Nxd3 Bxd3 34.Nxc5 Bxc4 35.Nxd7 Qxd7 36.Rc5 Rc8
37.Rxc8+ Qxc8 38.a4 d3 39.Qc3 Qe6 40.Qd4 g6 41.Bf3 Kh7 42.h4 h5 43.Kg2 Ba6
44.g4 hxg4 45.Qxg4 Qd6 46.Qg3 Qd7 47.Qg4 Qd6  1/2-1/2

[Event "PCA/Intel-GP"]
[Site "London"]
[Date "1995.??.??"]
[Round "2"]
[White "Adams, Michael"]
[Black "Piket, Jeroen"]
[Result "1-0"]
[WhiteElo "2660"]
[BlackElo "2625"]

1.e4 e5 2.Nf3 Nc6 3.Bb5 a6 4.Ba4 Nf6 5.d3 b5 6.Bb3 Be7 7.O-O d6 8.c3 O-O
9.Re1 h6 10.Nbd2 Re8 11.Nf1 Bf8 12.Ng3 Be6 13.Bc2 d5 14.Qe2 Qd7 15.h3 d4
16.Bd2 Rad8 17.Red1 Bc5 18.Be1 Nh7 19.Bb3 Bb6 20.Rac1 Nf8 21.Bxe6 Nxe6 22.c4 bxc4
23.Rxc4 Nf4 24.Qf1 Na7 25.Bd2 Ng6 26.Rdc1 Nb5 27.Qd1 c5 28.Nf5 Nd6 29.Nxd6 Qxd6
30.Ra4 Ra8 31.Ne1 Qe6 32.Qg4 Qc6 33.b3 Re6 34.Nf3 Ne7 35.Nh4 Kh7 36.Nf5 Rg8
37.Rac4 a5 38.R1c2 Qb5 39.Nxe7 Rxe7 40.Qf5+ Kh8 41.Bxh6 Rge8 42.Bg5 Ra7 43.h4 Kg8
44.h5 Re6 45.Rb2 Qc6 46.Ra4 Qd6 47.Rc2 Ra8 48.Qg4 g6 49.Bc1 Kg7 50.Rac4 Rh8
51.h6+ Rxh6 52.Bxh6+ Kxh6 53.g3 Kg7 54.Kg2 Re8 55.Rc1 Rh8 56.Rh1 Rxh1 57.Kxh1 Qd8
58.Kg2 Qh8 59.Rc1 Qh6 60.Rh1 Qd2 61.Qh4  1-0

[Event "New York op"]
[Site "New York"]
[Date "1995.??.??"]
[Round "5"]
[White "Adams, Michael"]
[Black "Young, Angelo"]
[Result "1-0"]
[WhiteElo "2655"]
[BlackElo "2435"]

1.e4 c5 2.Nf3 Nc6 3.d4 cxd4 4.Nxd4 g6 5.c4 Bg7 6.Be3 Nf6 7.Nc3 O-O 8.Be2 d6
9.O-O Nxd4 10.Bxd4 Nd7 11.Bxg7 Kxg7 12.Qd4+ f6 13.Rfd1 a5 14.b3 Nc5 15.Rab1 Be6
16.Qe3 Bf7 17.a3 Nd7 18.b4 axb4 19.axb4 b6 20.Nd5 h5 21.Ra1 Bxd5 22.cxd5 Qb8
23.Bb5 Rd8 24.f4 Nf8 25.Bc6 Ra7 26.Rxa7 Qxa7 27.e5 dxe5 28.fxe5 Nd7 29.exf6+ Nxf6
30.Qe5 b5+ 31.Kh1 Kf8 32.h3 Rd6 33.Re1 Qc7 34.Bxb5 Kf7 35.Bc6 Ng8 36.b5 Qb6
37.Bd7 Kf8 38.Bc6  1-0

[Event "New York op"]
[Site "New York"]
[Date "1995.??.??"]
[Round "6"]
[White "Zapata, Alonso"]
[Black "Adams, Michael"]
[Result "1/2-1/2"]
[WhiteElo "2535"]
[BlackElo "2655"]

1.e4 e5 2.Nf3 Nc6 3.Bb5 a6 4.Ba4 Nf6 5.O-O b5 6.Bb3 Bc5 7.c3 d6 8.Qe2 O-O
9.a4 Rb8 10.d3 b4 11.Bc2 Re8 12.Nbd2 d5 13.Nb3 Bf8 14.Bg5 Be6 15.exd5 Bxd5
16.c4 Bxf3 17.Qxf3 Re6 18.Be3 Qd7 19.Rae1 Rbe8 20.Qh3 g6 21.Qf3 Nh5 22.g3 Ng7
23.g4 Qd8 24.Rd1 Nd4 25.Nxd4 exd4 26.Bd2 b3 27.Bxb3 Rb6 28.Bc2 Rxb2 29.Rc1 Ne6
30.Rfe1 Ba3 31.Qd1 Qh4 32.Bf4 Rbb8 33.Bg3 Qf6 34.Rb1 Bd6 35.Qe2 Bb4 36.Qe5 Qe7
37.Re4 Bd6 38.Qd5 Rxb1+ 39.Bxb1 Bxg3 40.hxg3 Qb4 41.Ba2 Qxa4 42.c5 Rd8 43.Qc4 Qc6
44.f4 Kg7 45.Qc1 Qxc5 46.Qe1 Nf8 47.Bc4 Qd6 48.g5 Rd7 49.Re5 h6 50.gxh6+ Kxh6
51.g4 Kg7 52.g5 Ne6 53.Bxe6 fxe6 54.Qe4 Re7 55.Qh1 Kg8 56.Qa8+ Kg7 57.Qh1 Kg8
58.Qa8+  1/2-1/2

[Event "Ter Apel"]
[Site "Ter Apel"]
[Date "1995.??.??"]
[Round "1"]
[White "Epishin, Vladimir"]
[Black "Adams, Michael"]
[Result "1/2-1/2"]
[WhiteElo "2635"]
[BlackElo "2655"]

1.d4 e6 2.c4 Bb4+ 3.Nd2 d5 4.Qa4+ Nc6 5.e3 Nf6 6.Nf3 O-O 7.a3 Be7 8.b4 a6
9.Qc2 dxc4 10.Bxc4 Bd6 11.Bb2 Qe7 12.Ne5 Nb8 13.Be2 Bd7 14.Bf3 a5 15.Nxd7 Qxd7
16.bxa5 Rxa5 17.O-O Ra7 18.Nc4 Be7 19.Rfc1 c6 20.a4 Qc7 21.a5 Nbd7 22.Qb3 Rb8
23.g3 Qd8 24.Rab1 Ne8 25.Bc3 Nd6 26.Bd2 Nxc4 27.Qxc4 Ne5 28.dxe5 Qxd2 29.a6 Rxa6
30.Rd1 Qa2 31.Qxa2 Rxa2 32.Rd7 Bf8 33.Rbxb7 Rxb7 34.Rxb7 Rc2  1/2-1/2

[Event "Ter Apel"]
[Site "Ter Apel"]
[Date "1995.??.??"]
[Round "2"]
[White "Adams, Michael"]
[Black "Sokolov, Ivan"]
[Result "1/2-1/2"]
[WhiteElo "2655"]
[BlackElo "2645"]

1.e4 e5 2.Nf3 Nc6 3.Bb5 a6 4.Ba4 Nf6 5.O-O Be7 6.Re1 b5 7.Bb3 O-O 8.d3 d6
9.c3 Na5 10.Bc2 c5 11.Nbd2 Nd7 12.Nf1 Nb6 13.Ng3 Nc6 14.h3 Re8 15.Be3 Bf8
16.Bb3 Na5 17.Bc2 Nc6 18.Bb3 Na5 19.Bc2 Nc6 20.Bb3  1/2-1/2

[Event "NLD-chT9697"]
[Site "Holland"]
[Date "1996.??.??"]
[Round "?"]
[White "Adams, Michael"]
[Black "Klarenbeek, Hans"]
[Result "1-0"]
[WhiteElo "2660"]
[BlackElo "2425"]

1.e4 c5 2.Nf3 d6 3.d4 cxd4 4.Nxd4 Nf6 5.Nc3 e6 6.g4 Nc6 7.g5 Nd7 8.Be3 Be7
9.h4 a6 10.Qd2 Nde5 11.Be2 O-O 12.O-O-O Nxd4 13.Bxd4 b5 14.Qe3 Nc6 15.Bb6 Qd7
16.f4 Rb8 17.Qf2 Re8 18.Bf3 Qb7 19.Be3 Qc7 20.h5 Bd7 21.g6 Bf6 22.e5 dxe5
23.Ne4 Be7 24.gxf7+ Kxf7 25.fxe5 Kg8 26.Rhg1 Rf8 27.Bh6 Rf7 28.Rxg7+ Rxg7
29.Rg1 Bf8 30.Bxg7 Bxg7 31.h6 Nxe5 32.Rxg7+  1-0

[Event "Kilkenny op"]
[Site "Kilkenny"]
[Date "1996.??.??"]
[Round "6"]
[White "Watson, William N"]
[Black "Adams, Michael"]
[Result "0-1"]
[WhiteElo "2540"]
[BlackElo "2685"]

1.e4 e5 2.Nc3 Nf6 3.g3 Nc6 4.Bg2 Bc5 5.d3 d6 6.Na4 Bg4 7.f3 Be6 8.f4 Bxg1
9.Rxg1 exf4 10.Bxf4 d5 11.e5 Nd7 12.Qe2 Qe7 13.O-O-O Nb6 14.Nc3 d4 15.Ne4 h6
16.c4 dxc3 17.Nxc3 Nb4 18.Bxb7 Rb8 19.Qe4 O-O 20.a3 c5 21.Bc6 Nxc6 22.Qxc6 Rfc8
23.Qe4 Rd8 24.g4 Rd4 25.Qf3 Na4 26.Nxa4 Rxa4 27.Bd2 Qd8 28.Bc3 Rb3 29.Qe3 Raxa3
30.bxa3 Rxc3+ 31.Kd2 Rxa3 32.Ke2 c4 33.Kf2 Qh4+ 34.Qg3 Ra2+ 35.Ke1 Qe7 36.d4 Qb4+
37.Kf1 c3 38.Rg2 c2 39.Rc1 Qxd4 40.Qf2 Qxe5 41.Qd2 Bd5 42.Rf2 Qe4 43.Qf4 Qd3+
44.Kg1 Rb2 45.Rd2 Qb3 46.Kf2 Qb6+ 47.Kf1 Qc6 48.Qd4 Rb1  0-1

[Event "New York op"]
[Site "New York"]
[Date "1996.??.??"]
[Round "5"]
[White "Kreiman, Boris"]
[Black "Adams, Michael"]
[Result "0-1"]
[WhiteElo "2415"]
[BlackElo "2660"]

1.e4 c6 2.d4 d5 3.e5 Bf5 4.Nf3 e6 5.Be2 Nd7 6.O-O h6 7.c3 Ne7 8.Be3 Bh7 9.Nh4 c5
10.f4 Nc6 11.Nf3 Qb6 12.Qd2 Be7 13.dxc5 Bxc5 14.Nd4 O-O 15.Rf3 Rac8 16.Nb3 Bxe3+
17.Qxe3 Qxe3+ 18.Rxe3 Nb6 19.Bb5 Nc4 20.Re2 Bd3 21.Rf2 N4xe5 22.Na3 Bxb5
23.fxe5 Bc4 24.Re1 Bxb3 25.axb3 a6 26.Nc2 Rfd8 27.Rf4 Rd7 28.Nd4 Nxd4 29.Rxd4 Rc5
30.Re2 Rdc7 31.h4 a5 32.b4 axb4 33.Rxb4 Rc4 34.Rxc4 Rxc4 35.g3 h5 36.Kf2 Kh7
37.Re3 Kg6 38.Ke2 b5 39.b3 Rg4 40.Kf2 d4 41.cxd4 Rxd4 42.Ke2 Rd7 43.Re4 Rc7
44.Kd3 Rc1 45.g4 Rd1+ 46.Kc3 Rd5 47.gxh5+ Kxh5 48.Rf4 Kg6 49.Rg4+ Kh7 50.Re4 Kg8
51.Kb4 Kf8 52.Ka5 Ke7 53.b4 f6 54.h5 fxe5 55.h6 gxh6 56.Rh4 h5 57.Rxh5 e4
58.Rh7+ Kf6 59.Rh1 e3 60.Re1 Re5 61.Kb6 e2 62.Kc6 Kf5 63.Kd7 Kf4 64.Kd6 Re4
65.Kc5 Kf3  0-1

[Event "New York CITS"]
[Site "New York"]
[Date "1996.??.??"]
[Round "7"]
[White "Ashley, Maurice"]
[Black "Adams, Michael"]
[Result "1/2-1/2"]
[WhiteElo "2460"]
[BlackElo "2660"]

1.d4 Nf6 2.c4 e6 3.Nc3 Bb4 4.e3 b6 5.Ne2 Ne4 6.f3 Nxc3 7.bxc3 Be7 8.Ng3 h5
9.Bd3 h4 10.Ne4 Nc6 11.O-O Ba6 12.f4 Na5 13.f5 exf5 14.Rxf5 g6 15.Rf2 O-O
16.Nd2 d5 17.Qe2 Nxc4 18.Nxc4 Bxc4 19.Bxc4 dxc4 20.Qxc4 c5 21.e4 cxd4 22.cxd4 Bg5
23.Qd3 Rc8 24.Ba3 Be7 25.Bb2 Bf6 26.Raf1 Bg7 27.Kh1 Rc7 28.Rf4 Qc8 29.e5 Rc2
30.R4f2 Rxf2 31.Rxf2 Rd8 32.Qb3 Qe6 33.h3 Qxb3 34.axb3 Bh6 35.Rf3 Bg5 36.Kg1 Kf8
37.Kf2 Ke7 38.Ke2 f5 39.exf6+ Bxf6 40.Kd3 Bg7 41.Ke4 Bf6 42.Ba3+ Kf7 43.d5 Re8+
44.Kd3 Re5 45.Kc4 a6 46.Bb2 Rf5 47.Rxf5 gxf5 48.Bc1 Ke8 49.Be3 Bd8 50.d6 Kd7
51.Kd5 a5 52.Bd2 b5 53.Kc5 a4 54.bxa4 bxa4 55.Kb4 Kxd6 56.Kxa4 Kd5 57.Kb3 Ke4
58.Kc2 f4 59.Bc1 f3  1/2-1/2

[Event "Yerevan ol (Men)"]
[Site "Yerevan"]
[Date "1996.??.??"]
[Round "1"]
[White "Sitanggang, Salor"]
[Black "Adams, Michael"]
[Result "0-1"]
[WhiteElo "2410"]
[BlackElo "2685"]

1.c4 e5 2.Nc3 Nf6 3.Nf3 Nc6 4.e3 Be7 5.Be2 O-O 6.O-O d5 7.d4 exd4 8.Nxd4 Ne5
9.cxd5 Nxd5 10.Nxd5 Qxd5 11.Nb5 Qc6 12.Nd4 Qb6 13.Qc2 c5 14.Nf5 Bf6 15.Rb1 Rd8
16.b3 Nc6 17.a3 Be6 18.Ng3 g6 19.f4 Ne7 20.Bc4 Nf5 21.Nxf5 Bxf5 22.e4 Bd4+
23.Kh1 Be6 24.f5 Bxc4 25.Qxc4 Rd7 26.Bf4 Re8 27.Rbe1 Qc6 28.e5 Rde7 29.a4 gxf5
30.Rf3 Kh8 31.h3 f6 32.Bg3 fxe5 33.Rxf5 Rg8 34.Ref1 Qg6  0-1

[Event "Yerevan ol (Men)"]
[Site "Yerevan"]
[Date "1996.??.??"]
[Round "4"]
[White "Adams, Michael"]
[Black "Marin, Mihail"]
[Result "1/2-1/2"]
[WhiteElo "2685"]
[BlackElo "2530"]

1.e4 c5 2.Nf3 d6 3.Bc4 Nf6 4.d3 Nc6 5.Bb3 e6 6.c3 Be7 7.O-O b5 8.Re1 d5 9.e5 Nd7
10.d4 a5 11.Nbd2 Ba6 12.Nf1 b4 13.Ng3 Bb5 14.Bc2 a4 15.dxc5 a3 16.Nd4 axb2
17.Bxb2 bxc3 18.Bxc3 Nxd4 19.Bxd4 Bxc5 20.Bxc5 Nxc5 21.Qg4 O-O 22.Nh5 g6
23.Nf6+ Kg7 24.h4 Nd7 25.Nxd7 Bxd7 26.h5 f5 27.Qd4 Qg5 28.Bb3 Qxh5 29.Rac1 Qg4  1/2-1/2

[Event "Yerevan ol (Men)"]
[Site "Yerevan"]
[Date "1996.??.??"]
[Round "7"]
[White "Adams, Michael"]
[Black "Illescas Cordoba, Miguel"]
[Result "1/2-1/2"]
[WhiteElo "2685"]
[BlackElo "2640"]

1.e4 e6 2.d4 d5 3.Nd2 Nf6 4.e5 Nfd7 5.c3 c5 6.f4 Nc6 7.Ndf3 Qb6 8.g3 cxd4
9.cxd4 Be7 10.Bh3 O-O 11.Kf1 f6 12.Kg2 Kh8 13.b3 a5 14.a4 f5 15.Ne2 Nb4 16.Be3 Nb8
17.g4 Bd7 18.Rg1 N8a6 19.Kh1 Rac8 20.Rc1 Na2 21.Rxc8 Rxc8 22.Bd2 N6b4 23.gxf5 exf5
24.Rg3 Qa6 25.Ng5 Nd3 26.Nf7+ Kg8 27.Qg1 Bf8 28.Nd6 Rc2 29.Bxf5 Bxf5 30.Nxf5 g6
31.Nd6 Rxd2 32.Rxg6+ hxg6 33.Qxg6+ Bg7 34.Qf7+ Kh7 35.Qf5+ Kg8 36.Qf7+  1/2-1/2

[Event "Yerevan ol (Men)"]
[Site "Yerevan"]
[Date "1996.??.??"]
[Round "9"]
[White "Adams, Michael"]
[Black "Tu Hoang Thong"]
[Result "1-0"]
[WhiteElo "2685"]
[BlackElo "2465"]

1.e4 Nf6 2.e5 Nd5 3.d4 d6 4.Nf3 dxe5 5.Nxe5 g6 6.Bc4 c6 7.O-O Bg7 8.Re1 O-O
9.Bb3 Be6 10.Nd2 Nd7 11.Nef3 Nc7 12.Ne4 Bxb3 13.axb3 Ne6 14.c3 Re8 15.h4 Nf6
16.Neg5 Nxg5 17.hxg5 Nd7 18.Bf4 e6 19.Qc2 a6 20.Re2 Rc8 21.Rae1 Qa5 22.Nd2 Qf5
23.Qxf5 gxf5 24.Nc4 Bf8 25.b4 Kg7 26.Re3 Kg6 27.Rh3 b6 28.Nd6 Bxd6 29.Rh6+ Kg7
30.Bxd6 c5 31.bxc5 bxc5 32.dxc5 Nxc5 33.Re3 Nd7 34.Reh3 Rh8 35.Be7 Rb8 36.Rd3 Rb7
37.c4 Re8 38.Ba3 Rc8 39.Rdh3 Nf8 40.b3 Kg8 41.Bd6 a5 42.c5 Rb5 43.R6h4 Rcxc5
44.Bxc5 Rxc5 45.Rd3 Rb5 46.Rc4 Kg7 47.Rc7 e5 48.Rd6 Rxb3 49.Rf6 Kg8 50.Rfxf7 a4
51.Ra7 f4 52.Rfe7 Rb1+ 53.Kh2 Rb2 54.f3 Rb8 55.Rxe5 Ng6 56.Rc5 Rf8 57.Rxa4 Rf7
58.Rac4 Nf8 59.Kh3 Ne6 60.Re5  1-0